Statistics for Famous People from the 5th Century AD

Click here to take the quiz!

General Stats

  • This quiz has been taken 30 times
  • The average score is 5 of 14

Answer Stats

HintAnswer% Correct
Infamous king of the HunsAttila
100%
Patron Saint of IrelandSaint Patrick
93%
United the Francs, became Christian and founded the Merovingian dynastyClovis I
48%
Last Western Roman Emperor de factoRomulus Augustulus
48%
King of Italy, who deposed the last Western Roman EmperorOdoacer
44%
Pope, who persuaded the Huns to spare Italy and fought Heresy at the Council of ChalcedonLeo I
30%
Commander of the anti-Hunnic army at the Battle of the Catalaunian PlainsFlavius Aetius
22%
Founded the Church of the East, which is considert heretical by Orthodoxs and CatholicsNestorius
19%
Eastern Roman Emperor, who build the walls of ConstantinopelTheodosius II
19%
Last Western Roman Emperor de jureJulius Nepos
15%
British monk, which teachings became heretic at the Council of ChalcedonPelagius
11%
King of the Visigoths and the Ostrogoths in Italy and SpainTheoderic the Great
11%
King of the Burgunds, in the Nibelungensaga father of Hagen, included in the EddaGunther
7%
Vandal king, who sacked Rome and conquered northern AfricaGaiseric
0%

Score Distribution

Percentile by Number Answered

Percent of People with Each Score

Your Score History

You have not taken this quiz